Calculus and extensions of Arrow's theorem.

Odvodenie diskrétnej analógie argumentu kalkulu, týkajúceho sa mapovania medzi priestormi. Takto možno dospieť k niektorým rozšíreniam Arrowovej vety. Prehľad širokého spektra dôsledkov v rôznych oblastiach ekonomiky.

Gespeichert in:
Bibliographische Detailangaben
1. Verfasser: Saari, D.G
Format: Buchkapitel
Sprache:Englisch
Schlagworte:
Tags: Tag hinzufügen
Keine Tags, Fügen Sie das erste Tag hinzu!

MARC

LEADER 00000naa a2200000 4500
001 r006904
005 20221130103447.5
041 0 |a eng 
044 |a NL 
245 1 0 |a Calculus and extensions of Arrow's theorem.  |c D.G. Saari 
520 |a Odvodenie diskrétnej analógie argumentu kalkulu, týkajúceho sa mapovania medzi priestormi. Takto možno dospieť k niektorým rozšíreniam Arrowovej vety. Prehľad širokého spektra dôsledkov v rôznych oblastiach ekonomiky. 
610 2 0 |a ekonómia matematická 
610 2 0 |a metódy ekonomicko-matematické 
100 1 |a Saari, D.G.